Konjunktúra európskej mafie. 2

Hlavné aktivity mafií pôsobiacich v Európe. Kolumbijské narkokartely. Turecká mafia. Čínske triády. Nigérijské klany. Euromafia.

Na minha lista:
Detalhes bibliográficos
Autor principal: Mišíková, Z.
Formato: Capítulo de Livro
Idioma:eslovaco
Assuntos:
Tags: Adicionar Tag
Sem tags, seja o primeiro a adicionar uma tag!

MARC

LEADER 00000naa a2200000 4500
001 r026451
005 20230824090237.1
041 0 |a slo 
044 |a SK 
245 1 0 |a Konjunktúra európskej mafie. 2  |c Z. Mišíková 
520 |a Hlavné aktivity mafií pôsobiacich v Európe. Kolumbijské narkokartely. Turecká mafia. Čínske triády. Nigérijské klany. Euromafia. 
610 2 0 |a Európa 
610 2 0 |a obchod čierny 
610 2 0 |a podnikanie 
610 2 0 |a drogy 
610 2 0 |a pašeráctvo 
100 1 |a Mišíková, Z.